000 00222nam a2200097 a 4500
005 20200930055510.0
008 110415s2001 000 spa d
245 0 _aEnglish for me three.
260 _c2001.
999 _c28847
_d28847
040 _aDO-SdBNP